Euro 2024 Final - Statistics

General Stats
  • This quiz has been taken 72 times
  • The average score is 32 of 59
Answer Stats
Answer % Correct
Cole Palmer
88%
Harry Kane
88%
Jordan Pickford
88%
Nico Williams
86%
2-1
84%
England
84%
Lamine Yamal
84%
Kyle Walker
82%
Spain
82%
Álvaro Morata
79%
Gareth Southgate
79%
Jude Bellingham
77%
Bukayo Saka
75%
Dani Olmo
75%
Unai Simon
75%
John Stones
74%
Declan Rice
72%
Mikel Oyarzabal
72%
Daniel Carvajal
70%
Phil Foden
70%
Rodri
70%
Aymeric Laporte
68%
Marc Cucurella
67%
Ollie Watkins
67%
Kobbie Mainoo
63%
Luis de La Fuente
61%
Luke Shaw
61%
Marc Guéhi
61%
Robin Le Normand
58%
Fabián Ruiz
56%
Mikel Merino
56%
Trent Alexander-Arnold
54%
4-2-3-1
53%
Kieran Trippier
46%
David Raya
44%
Aaron Ramsdale
42%
Jesús Navas
42%
Alejandro Grimaldo
40%
Dean Henderson
40%
Ferran Torres
40%
Ivan Toney
40%
Nacho Fernandez
40%
Eberechi Eze
37%
Conor Gallagher
35%
Joselu
35%
Álex Remiro
33%
Antony Gordon
33%
Fermín López
33%
Daniel Vivian
32%
Jarrod Bowen
32%
Adam Wharton
30%
Ezri Konsa
30%
Joe Gomez
28%
Alejandro Baena
26%
Lewis Dunk
25%
47'
16%
73'
16%
86'
16%
Martín Zubimemdi
2%
No matching quizzes found
Score Distribution
Percent of People with Each Score
Percentile by Number Answered
Your Score History
You have not taken this quiz